| 000 | 00536nam a2200133Ia 4500 | ||
|---|---|---|---|
| 008 | 171207s9999 xx 000 0 und d | ||
| 100 | _aBrewster, Zachary W. | ||
| 245 | 4 | _aThe Effects of Racialized Workplace Discourse on Race-Based Service in Full-Service Restaurants | |
| 245 | _cZachary W. Brewster, Sarah N. Rusche | ||
| 260 | _c2017 | ||
| 300 | _apages 398-414, May 2017 | ||
| 440 |
_aJournal of Hospitality & Tourism Research _v41:4 |
||
| 650 | _aRACIAL DISCRIMINATION, RESTAURANT, RACIST LANGUAGE, SERVER, WORKPLACE ENVIRONMENT | ||
| 999 |
_c347587 _d347587 |
||